00462 a2200169 450000100060000002000180000604000240002410000200004824000270006824500220009530000070011736200090012465000310013394200070016495201040017199900170027547360 a9788562549281 cAnchieta - Aquarius aMurray, Roseana10aO mar e os sonhoslpor10aO mar e os sonhos a390 a2011 4aLiteratura infanto-juvenil cBK 00104070a87.1b87.1d2023-11-21l0o028.5 MUR MARp5972/AQUr2023-11-21 15:14:13w2023-11-21yBK c47360d47360